000 00632nam a2200157 a 4500
001 000048137
005 20201002060937.0
008 181120s2011 dr 000 0 spa d
040 _aDO-SdBNP
_bspa
_cBNPHU
082 _axxx
_bL773e
245 0 0 _aLista de especies en peligro de extinción, amenazadas o protegidas de la República Dominicana /
_ccoordinación técnica Glória Santana.
260 _aSanto Domingo :
_bMinisterio de Medio Ambiente y Recursos Naturales,
_c2011.
300 _a44p. ;
_c28 cm.
590 _aInventariado, 2018
710 1 _aRepública Dominicana.
_bMinisterio de Medio Ambiente y Recursos Naturales
_966969
999 _c47625
_d47625